[Event "Black Lives Matter"]
[Site "SchemingMind.com"]
[Date "2020.11.02"]
[Round "-"]
[White "Helga1946"]
[Black "The Stonewall"]
[Result "1/2-1/2"]
[WhiteCountry "GER"]
[BlackCountry "ENG"]
[WhiteElo "2203"]
[WhiteRD "65"]
[BlackElo "2482"]
[BlackRD "78"]
[GameID "461529"]

1. e4 Nc6 2. d4 d5 3. e5 Bf5 4. Nf3 e6 5. Bd3 Nge7 6. O-O Qd7 7. Re1 f6 8. c3 Bxd3 9. Qxd3 Ng6 10. h4 fxe5
11. dxe5 Be7 12. h5 Nh4 13. Nxh4 Bxh4 14. Qh3 Be7 15. Be3 O-O-O 16. Nd2 Rhg8 17. Nf3 Rdf8 18. Rad1 Rf5 19. c4 Rgf8 20. cxd5 exd5
21. Bd4 Qe6 22. Be3 Kb8 23. Rc1 Qf7 24. h6 Qg6 25. hxg7 Rg8 26. Nd4 Nxd4 27. Bxd4 Rxg7 28. e6 Rh5 29. Qf3 Rf5 30. Qh3 Rh5
31. Qf3=
1/2-1/2

[Event "Black Lives Matter"]
[Site "SchemingMind.com"]
[Date "2020.11.02"]
[Round "-"]
[White "The Stonewall"]
[Black "Ulrich Klapp"]
[Result "1-0"]
[WhiteCountry "ENG"]
[BlackCountry "GER"]
[WhiteElo "2482"]
[WhiteRD "78"]
[BlackElo "1758"]
[BlackRD "79"]
[GameID "461530"]

1. d4 Nf6 2. Nf3 e6 3. e3 b6 4. Bd3 Bb7 5. O-O Be7 6. Nbd2 O-O 7. e4 c5 8. Re1 Nc6 9. dxc5 Bxc5 10. e5 Nd5
11. Ne4 Be7 12. c4 Ndb4 13. Bb1 a5 14. Neg5 h6 15. Ne4 Ba6 16. a3 d5 17. exd6 f5 18. dxe7 Qxe7 19. axb4 fxe4 20. Qc2 exf3
21. Qh7+
1-0

[Event "Black Lives Matter"]
[Site "SchemingMind.com"]
[Date "2020.10.31"]
[Round "-"]
[White "John Hamer"]
[Black "The Stonewall"]
[Result "0-1"]
[WhiteCountry "ENG"]
[BlackCountry "ENG"]
[WhiteElo "1980"]
[WhiteRD "62"]
[BlackElo "2482"]
[BlackRD "78"]
[GameID "461531"]

1. c4 b6 2. d4 e6 3. Nf3 Bb7 4. Nc3 Bb4 5. Bg5 Bxc3+ 6. bxc3 f6 7. Bh4 Ne7 8. Bg3 d6 9. e3 Nd7 10. Bd3 O-O
11. O-O f5 12. Ng5 Rf6 13. Rb1 Rb8 14. Re1 e5 15. c5 h6 16. Nh3 bxc5 17. Bc4+ Kh8 18. dxe5 dxe5 19. Bh4 Rg6 20. f3 Rd6
21. Qc1 Qe8 22. Bg3 Rb6 23. Qc2 Bc6 24. Rbd1 Qg6 25. Rd2 Qf6 26. Bb3 Nc8 27. Red1 Nd6 28. c4 a5 29. Qc1 Qf7 30. Qc3 a4
31. Bc2 Nxc4 32. Rf2 Rb4 33. Re1 Qe6 34. Rfe2 Nd6 35. a3 R4b6 36. Rd2 Kg8 37. Nf2 c4 38. h3 Re8 39. Red1 Nc5 40. Qa5 Ndb7
41. Qc3 Nb3 42. Re2 Nd6 43. e4 f4 44. Bh2 Nb5 45. Qe1 Nxa3 46. Bxb3 cxb3
0-1

[Event "Black Lives Matter"]
[Site "SchemingMind.com"]
[Date "2020.11.02"]
[Round "-"]
[White "The Stonewall"]
[Black "dpickin"]
[Result "1-0"]
[WhiteCountry "ENG"]
[BlackCountry "ENG"]
[WhiteElo "2509"]
[WhiteRD "82"]
[BlackElo "1511"]
[BlackRD "52"]
[GameID "461532"]

1. e4 c5 2. Nf3 Nc6 3. Bb5 Qb6 4. Nc3 e5 5. Bxc6 Qxc6 6. Nxe5 Qf6 7. Nf3 g6 8. O-O Bg7 9. d4 c4 10. Nd5 Qc6
11. Qe2 d6 12. c3 Be6 13. Re1 O-O-O 14. Nb4 Qd7 15. d5 Bg4 16. Qxc4+ Kb8 17. Nd4 Rc8 18. Qd3 Nf6 19. f3 Bh5 20. Be3 g5
21. Nf5 Rhg8 22. Nxg7 Rxg7 23. Qd4 Rg6 24. Qxa7+ Kc7 25. Bb6#
1-0

[Event "Black Lives Matter"]
[Site "SchemingMind.com"]
[Date "2020.11.02"]
[Round "-"]
[White "Mihir Chandrashekhar"]
[Black "The Stonewall"]
[Result "0-1"]
[WhiteCountry "IND"]
[BlackCountry "ENG"]
[WhiteElo "1743"]
[WhiteRD "70"]
[BlackElo "2482"]
[BlackRD "78"]
[GameID "461533"]

1. d4 e6 2. e4 c5 3. Nf3 cxd4 4. Nxd4 Nc6 5. c4 Nf6 6. Nc3 Bb4 7. Nxc6 bxc6 8. Qc2 O-O 9. Bd3 d5 10. e5 Nd7
11. Bxh7+ Kh8 12. O-O g6 13. Bxg6 fxg6 14. Qxg6 Qe7
0-1

[Event "Black Lives Matter"]
[Site "SchemingMind.com"]
[Date "2020.10.29"]
[Round "-"]
[White "JimM"]
[Black "Kenny Elliott"]
[Result "1-0"]
[WhiteCountry "USA"]
[BlackCountry "USA"]
[WhiteElo "1703"]
[WhiteRD "81"]
[BlackElo "1562"]
[BlackRD "54"]
[GameID "461542"]

1. e4 c5 2. Nf3 d6 3. d4 cxd4 4. Nxd4 e5 5. Nb5 a6 6. N5c3 Nf6 7. Bc4 Qc7 8. Bb3 Nc6 9. Nd5 Nxd5 10. Bxd5 Be7
11. Qf3 O-O 12. c3 Nd4 13. Qd3 Nc6 14. O-O Bd7 15. f4 Bf6 16. Qg3 Ne7 17. f5 Nxd5 18. exd5 Qb6+ 19. Rf2 Bxf5 20. Be3 Qb5
21. Rxf5 Qxb2 22. Rxf6 Kh8 23. Bh6 Rg8 24. Bg5 Raf8 25. Rxd6 Qxa1 26. Qd3 Qxa2 27. Rd7 f6 28. Be3 b5 29. Rb7 f5 30. d6 e4
31. Qd1 Rf7 32. d7 Rff8 33. Bb6 e3 34. Bxe3 f4 35. Bc5 Rf7 36. Rc7 Qa5 37. Rc8 Rff8 38. Bxf8
1-0

[Event "Black Lives Matter"]
[Site "SchemingMind.com"]
[Date "2020.10.29"]
[Round "-"]
[White "JimM"]
[Black "echecs"]
[Result "0-1"]
[WhiteCountry "USA"]
[BlackCountry "ENG"]
[WhiteElo "1671"]
[WhiteRD "79"]
[BlackElo "1832"]
[BlackRD "66"]
[GameID "461543"]

1. e4 e5 2. Nf3 Nc6 3. Bb5 d6 4. d4 exd4 5. Nxd4 Bd7 6. Nc3 Nf6 7. Bg5 Be7 8. Nf5 Bxf5 9. exf5 O-O 10. O-O Ne5
11. Re1 a6 12. Ba4 b5 13. Bb3 Rb8 14. Re3 a5 15. a3 Nfg4 16. Bxe7 Nxe3 17. Bxd8 Nxd1 18. Bxc7 Nxc3 19. Bxd6 Ne2+ 20. Kf1 Nd4
21. Bxe5 Nxb3 22. Rd1 Rbe8 23. Rd5 Nc1 24. Rxb5 Rd8 25. g3 h6 26. Rxa5 Rfe8 27. f6 g5 28. b4 Rd1+ 29. Kg2 Rd2 30. Rc5 Kh7
31. a4 Ne2 32. c4 Nd4 33. a5 Nc6 34. Rxc6 Rxe5 35. b5 Rf5 36. a6 Rfxf2+ 37. Kh3 h5
0-1

[Event "Black Lives Matter"]
[Site "SchemingMind.com"]
[Date "2020.10.30"]
[Round "-"]
[White "Gilligan"]
[Black "JimM"]
[Result "0-1"]
[WhiteCountry "USA"]
[BlackCountry "USA"]
[WhiteElo "1666"]
[WhiteRD "60"]
[BlackElo "1672"]
[BlackRD "81"]
[GameID "461544"]

1. e4 c5 2. Nf3 e6 3. d4 cxd4 4. Nxd4 Nf6 5. Nc3 Nc6 6. Nf3 Bc5 7. Bc4 O-O 8. O-O b6 9. e5 Ng4 10. Qe1 f6
11. exf6 Qxf6 12. Bg5 Qf7 13. h3 Nf6 14. Rd1 d5 15. Bd3 Nb4 16. a3 Nxd3 17. Rxd3 Ba6 18. Rd1 Bxf1 19. Kxf1 Rac8 20. b4 Be7
21. Qd2 Bd6 22. Nb5 Bb8 23. Bf4 Ne4 24. Qd3 Qxf4 25. Nbd4 Rfe8 26. g3 Qh6 27. Kg2 Qg6 28. Ne2 Re7 29. Rc1 Rec7 30. Nf4 Qe8
31. c4 Rxc4 32. Rxc4 Rxc4 33. Nxd5 Rc8 34. Ne3 Nf6 35. Ng5 h6 36. Nf3 Kh8 37. Nh4 e5 38. Ng6+ Kg8 39. Nf5 Rd8 40. Nfe7+ Kf7
41. Qc4+ Nd5 42. Nxd5 Kxg6 43. Qg4+ Kh7 44. Ne3 Qf7 45. Nf5 Rf8 46. Qf3 Qxf5 47. Qe2 e4 48. h4 b5 49. h5 a6 50. g4 Qf4
51. Kf1 Ba7 52. g5 Bxf2 53. g6+ Kg8 54. Qa2+ Kh8 55. Ke2 Bh4
0-1

[Event "Black Lives Matter"]
[Site "SchemingMind.com"]
[Date "2020.11.01"]
[Round "-"]
[White "The Stonewall"]
[Black "JimM"]
[Result "1-0"]
[WhiteCountry "ENG"]
[BlackCountry "USA"]
[WhiteElo "2509"]
[WhiteRD "82"]
[BlackElo "1671"]
[BlackRD "79"]
[GameID "461545"]

1. d4 Nf6 2. Nf3 g6 3. Nc3 Bg7 4. e4 d6 5. Be3 c6 6. Qd2 O-O 7. Bh6 c5 8. Bxg7 Kxg7 9. O-O-O Qc7 10. e5 Ne8
11. Nd5 Qd8 12. h4 e6 13. Nf6 Nxf6 14. exf6+ Qxf6 15. h5 Nc6 16. hxg6 Qxg6 17. Bd3 f5 18. dxc5 d5 19. g4 e5 20. gxf5 Qf6
21. Rdg1+ Kf7 22. Rh6 Qd8 23. Nxe5+
1-0

[Event "Black Lives Matter"]
[Site "SchemingMind.com"]
[Date "2020.10.30"]
[Round "-"]
[White "Abstract Actuary"]
[Black "JimM"]
[Result "1-0"]
[WhiteCountry "USA"]
[BlackCountry "USA"]
[WhiteElo "1873"]
[WhiteRD "73"]
[BlackElo "1703"]
[BlackRD "81"]
[GameID "461546"]

1. e4 c5 2. d4 e6 3. Nf3 cxd4 4. c3 dxc3 5. Nxc3 Nc6 6. Bc4 Nf6 7. O-O Bc5 8. Bf4 O-O 9. Qe2 d6 10. Rfd1 Qe7
11. Rac1 a6 12. a3 Rd8 13. Na4 Ba7 14. Ba2 Ng4 15. Bg3 e5 16. h3 Nf6 17. Rc2 Be6 18. Bxe6 Qxe6 19. Rcd2 Nh5 20. Bh2 Nf4
21. Bxf4 exf4 22. Nc3 h6 23. Nd5 Rd7 24. Nxf4 Qe7 25. e5 Rad8 26. exd6 Qxe2 27. Nxe2 Bb8 28. Nc3 Rxd6 29. Ne4 Rxd2 30. Rxd2 Rxd2
31. Nexd2 Ne5 32. Nd4 Ba7 33. Nf5 Nd3 34. Nd6 Bxf2+ 35. Kf1 Bd4 36. b4 b5 37. Nb3 Bb2 38. Nc5 Nxc5 39. bxc5 Be5 40. Nf5 Kf8
41. Ke2 h5 42. Kd3 g6 43. Ne3 Ke7 44. Ke4 Bb8 45. Kd5 Kd7 46. Nc2 f6 47. Nb4 a5 48. c6+ Kc8 49. Na6 b4 50. axb4 a4
51. b5 a3 52. Nb4 Kc7 53. Kc5 g5 54. b6+ Kc8 55. b7+ Kd8 56. Kb6 Bd6 57. Ka7
1-0

[Event "Black Lives Matter"]
[Site "SchemingMind.com"]
[Date "2020.10.29"]
[Round "-"]
[White "Black Knight"]
[Black "JimM"]
[Result "0-1"]
[WhiteCountry "USA"]
[BlackCountry "USA"]
[WhiteElo "1311"]
[WhiteRD "59"]
[BlackElo "1671"]
[BlackRD "79"]
[GameID "461547"]

1. e4 e5 2. Nf3 Nc6 3. Bb5 Nf6 4. O-O Nxe4 5. d3 Nd6 6. Bxc6 bxc6 7. Nc3 Qe7 8. Bg5 f6 9. Bd2 Bb7 10. Re1 O-O-O
11. d4 Nc4 12. Rb1 g5 13. Qe2 Nxd2 14. Qxd2 Bg7 15. Re3 h5 16. h3 g4 17. Nh4 Bh6 18. Qe2 Bxe3 19. Ng6 Qg7 20. Nxh8 Bxd4
21. Nf7 Qxf7 22. h4 g3 23. Kf1 gxf2 24. Nd1 Rg8 25. Nxf2 c5 26. c3 Bxg2+ 27. Ke1 Bxf2+ 28. Qxf2 Qxa2 29. Qc2 Bc6 30. Kf1 Qc4+
31. Qe2 Qxh4 32. Re1 Qh3+ 33. Kf2 Rg2+ 34. Kf1 Qh1#
0-1

[Event "Black Lives Matter"]
[Site "SchemingMind.com"]
[Date "2020.11.03"]
[Round "-"]
[White "JimM"]
[Black "Ulrich Klapp"]
[Result "1-0"]
[WhiteCountry "USA"]
[BlackCountry "GER"]
[WhiteElo "1703"]
[WhiteRD "81"]
[BlackElo "1707"]
[BlackRD "80"]
[GameID "461548"]

1. e4 d6 2. d4 g6 3. Nf3 Bg7 4. Nc3 Nf6 5. Be2 O-O 6. O-O Nc6 7. d5 Ne5 8. Bf4 Nxf3+ 9. Bxf3 Qd7 10. h3 b5
11. a4 bxa4 12. Nxa4 Ba6 13. Re1 Bb5 14. Nc3 c6 15. e5 dxe5 16. Bxe5 cxd5 17. Nxd5 Nxd5 18. Bxg7 Rfd8 19. Bh6 Rac8 20. Bxd5 Qxd5
21. Qxd5 Rxd5 22. Rxe7 Rh5 23. Be3 Rxc2 24. Bd4 Rd5 25. Bc3 a6 26. Rae1 h5 27. Re8+ Kh7 28. Rh8#
1-0

[Event "Black Lives Matter"]
[Site "SchemingMind.com"]
[Date "2020.10.30"]
[Round "-"]
[White "John Hamer"]
[Black "JimM"]
[Result "1-0"]
[WhiteCountry "ENG"]
[BlackCountry "USA"]
[WhiteElo "1980"]
[WhiteRD "62"]
[BlackElo "1672"]
[BlackRD "81"]
[GameID "461549"]

1. d4 Nf6 2. Nf3 g6 3. c4 Bg7 4. g3 O-O 5. Bg2 d6 6. O-O Nbd7 7. Nc3 e5 8. Qc2 c6 9. Rd1 Re8 10. e4 a6
11. Be3 Ng4 12. Bg5 f6 13. Bd2 b5 14. b3 Bb7 15. cxb5 axb5 16. h3 exd4 17. Nxd4 Nge5 18. f4 Nf7 19. f5 g5 20. Ne6 Qb6+
21. Kh2 Nde5 22. Be1 g4 23. Bf2 c5 24. b4 Qc6 25. bxc5 gxh3 26. Kxh3 b4 27. Nd5 Ng5+ 28. Nxg5 fxg5 29. Nxb4 g4+ 30. Kh2 Qb5
31. Rab1 dxc5 32. Nd3 Qc6 33. Nxe5 Rxe5 34. Qb3+ Kh8 35. Qxb7 Qh6+ 36. Kg1 Rxa2 37. Rd8+ Bf8 38. Qf7
1-0

[Event "Black Lives Matter"]
[Site "SchemingMind.com"]
[Date "2020.10.29"]
[Round "-"]
[White "JimM"]
[Black "abuteague"]
[Result "1-0"]
[WhiteCountry "USA"]
[BlackCountry "USA"]
[WhiteElo "1717"]
[WhiteRD "82"]
[BlackElo "1650"]
[BlackRD "78"]
[GameID "461550"]

1. e4 d6 2. d4 Nf6 3. Nc3 Nbd7 4. Bc4 e5 5. Nf3 exd4 6. Nxd4 Be7 7. Nf5 O-O 8. O-O Ne5 9. Bb3 Bxf5 10. exf5 c6
11. h3 d5 12. Re1 Ned7 13. Ne2 Bc5 14. Ng3 Qb6 15. Re2 Rae8 16. Qf1 Rxe2 17. Nxe2 Ne4 18. Bf4 Nxf2 19. Kh2 Nf6 20. c3 N2e4
21. Rd1 Bd6 22. c4 Bxf4+ 23. Nxf4 dxc4 24. Bxc4 Qc7 25. Kg1 b5 26. Bb3 Qb6+ 27. Kh2 c5 28. a3 c4 29. Bc2 Qf2 30. Qxf2 Nxf2
31. Rd2 N2e4 32. Rd4 Nc5 33. Nd5 Nfd7 34. Ne7+ Kh8 35. Nc6 a6 36. Na5 h6 37. b3 cxb3 38. Nxb3 Nxb3 39. Rxd7 Nc5 40. Rc7 Na4
41. Ra7 f6 42. Rxa6 Nc3 43. Rc6 Nd5 44. Rc5 Ne3 45. Bd3 Rd8 46. Bxb5 Rd2 47. Bc6 Nf1+ 48. Kg1 Rd1 49. Kf2 Ra1 50. a4 Nd2
51. Ke3 Nb3 52. Rc3 Na5 53. Bb5 Rb1 54. Rc8+ Kh7 55. Be8 h5 56. Bg6+ Kh6 57. h4
1-0

[Event "Black Lives Matter"]
[Site "SchemingMind.com"]
[Date "2020.10.29"]
[Round "-"]
[White "JimM"]
[Black "Derek Price"]
[Result "0-1"]
[WhiteCountry "USA"]
[BlackCountry "ENG"]
[WhiteElo "1671"]
[WhiteRD "79"]
[BlackElo "2305"]
[BlackRD "73"]
[GameID "461551"]

1. e4 c5 2. Nf3 d6 3. g3 Nc6 4. Bg2 g6 5. O-O Bg7 6. c3 e5 7. a3 Nf6 8. b4 Nxe4 9. Nxe5 Nxe5 10. Bxe4 d5
11. Bg2 c4 12. a4 O-O 13. Na3 Re8 14. Nc2 Bg4 15. f3 Bf5 16. Nd4 Nd3 17. Nxf5 gxf5 18. Ba3 Qb6+
0-1

[Event "Black Lives Matter"]
[Site "SchemingMind.com"]
[Date "2020.11.03"]
[Round "-"]
[White "David Perna-Fraser"]
[Black "JimM"]
[Result "1-0"]
[WhiteCountry "CAN"]
[BlackCountry "USA"]
[WhiteElo "1886"]
[WhiteRD "77"]
[BlackElo "1717"]
[BlackRD "78"]
[GameID "461552"]

1. e4 c5 2. Nf3 g6 3. d4 cxd4 4. Nxd4 Bg7 5. Nc3 Nc6 6. Be3 Nf6 7. f3 d6 8. Bb5 Bd7 9. Bxc6 bxc6 10. Qd2 c5
11. Nb3 O-O 12. O-O a5 13. a4 Qc7 14. Bh6 c4 15. Bxg7 Kxg7 16. Nd4 Qc5 17. Kh1 Rfb8 18. Ncb5 e5 19. Ne2 Bxb5 20. axb5 Rxb5
21. Nc3 Rb7 22. Rfb1 Rab8 23. Ra2 Rb4 24. Nd5 Nxd5 25. Qxd5 Qxd5 26. exd5 c3 27. b3 R8b5 28. Rba1 Rxd5 29. Rxa5 Rd2 30. Rc1 Rbd4
31. h3 Rd1+ 32. Rxd1 Rxd1+ 33. Kh2 Kf6 34. Ra4 Rd2 35. Ra6 Ke6 36. Ra2 f5 37. b4 e4 38. fxe4 fxe4 39. Kg3 Ke5 40. b5 e3
41. b6 e2 42. Kf2 d5 43. b7 Kf5 44. b8=Q d4 45. Ra5+
1-0

[Event "Black Lives Matter"]
[Site "SchemingMind.com"]
[Date "2020.10.29"]
[Round "-"]
[White "JimM"]
[Black "Helga1946"]
[Result "0-1"]
[WhiteCountry "USA"]
[BlackCountry "GER"]
[WhiteElo "1671"]
[WhiteRD "79"]
[BlackElo "2157"]
[BlackRD "69"]
[GameID "461553"]

1. e4 e5 2. Nf3 Nc6 3. Bb5 a6 4. Ba4 b5 5. Bb3 Nf6 6. O-O Bb7 7. d4 Nxd4 8. Bxf7+ Kxf7 9. Nxe5+ Kg8 10. Qxd4 c5
11. Qe3 Qc7 12. Nf3 Re8 13. e5 Ng4 14. Qg5 Bxf3 15. gxf3 Nxe5 16. Bf4 Nxf3+ 17. Kg2 Qc6 18. Qh5 Ne1+
0-1

[Event "Black Lives Matter"]
[Site "SchemingMind.com"]
[Date "2020.11.02"]
[Round "-"]
[White "JimM"]
[Black "dpickin"]
[Result "1-0"]
[WhiteCountry "USA"]
[BlackCountry "ENG"]
[WhiteElo "1703"]
[WhiteRD "81"]
[BlackElo "1529"]
[BlackRD "55"]
[GameID "461554"]

1. e4 c5 2. Nf3 Nc6 3. d4 d6 4. Bc4 Nf6 5. Ng5 d5 6. exd5 Nxd4 7. c3 Nf5 8. O-O Nd6 9. Bb3 c4 10. Bc2 h6
11. Ne6 fxe6 12. Ba4+ b5 13. Bc2 Nde4 14. Bxe4 Nxe4 15. Qh5+ Kd7 16. dxe6+ Kxe6 17. Rd1 Nf6 18. Qe2+ Kf7 19. Rxd8 Bg4 20. f3 Bxf3
21. Rxf8+ Rhxf8 22. Qxf3 Kg8 23. Qb7 Rfd8 24. Qf3 Rd5 25. Na3 Rad8 26. Bf4
1-0

[Event "Black Lives Matter"]
[Site "SchemingMind.com"]
[Date "2020.11.03"]
[Round "-"]
[White "Mihir Chandrashekhar"]
[Black "JimM"]
[Result "1-0"]
[WhiteCountry "IND"]
[BlackCountry "USA"]
[WhiteElo "1784"]
[WhiteRD "74"]
[BlackElo "1717"]
[BlackRD "82"]
[GameID "461555"]

1. Nf3 c5 2. d4 d5 3. dxc5 e6 4. c4 Bxc5 5. Nc3 Ne7 6. e3 O-O 7. cxd5 Bb4 8. Bd2 Nxd5 9. Nxd5 Bxd2+ 10. Qxd2 Qxd5
11. Qxd5 exd5 12. Bb5 a6 13. Ba4 Nc6 14. Bxc6 bxc6 15. Rc1 Bb7 16. Nd4 Rfc8 17. Rc5 Rc7 18. Kd2 Kf8 19. Rhc1 Rac8 20. Nf5 g6
21. Nd6 Rb8 22. b3 Ba8 23. Rxd5 f5 24. Rd3 c5 25. f3 Ke7 26. Nc4 Rd7 27. Rxd7+ Kxd7 28. Rd1 Ke6 29. Kc3 Kf6 30. Rd6+ Kg5
31. Rxa6 f4 32. e4 Kh4 33. Rf6 Kg5 34. Rd6 h5 35. a4 h4 36. h3 Re8 37. a5 Kh5 38. a6 Re7 39. Nb6 Re8 40. Kc4 Bxe4
41. fxe4 Rxe4+ 42. Kxc5 Re2 43. a7
1-0